Pejcročnjica Družtva "Rusnak"

Bibliographic Details
Corporate Author: Družtvo "Rusnak" (rusínské združenie : Petrovec, Chorvátsko). Upravni odbor (Author)
Format: Article
Language:Ukrainian
PhysicalDescription:Fotogr.
Subjects:

MARC

LEADER 00000nab a2200000 a 4500
001 vtls009964041
003 SK-MaSNL
005 20260319074316.0
008 091027c2009 xo br p 000 c0ukr
015 |a SNBRB2009/03 
038 |a SVKPOCL 
040 |a SVKPOCL  |b slo  |c SVKPOCL  |e AACR2 
041 0 |a ukr 
044 |a xo  |c SK 
080 |a 316.022.4(=161.2)(497.5):061.2  |2 2001 
080 |a 061.2  |2 2001 
110 2 |a Družtvo "Rusnak" (rusínské združenie : Petrovec, Chorvátsko).  |b Upravni odbor  |4 aut  |9 1037287 
245 0 0 |a Pejcročnjica Družtva "Rusnak"  |c Upravni odbor Družtva "Rusnak" 
300 |b Fotogr. 
610 2 7 |a Družtvo "Rusnak" (rusínské združenie : Petrovci, Chorvátsko)  |2 svkpocl  |9 1037288 
648 7 |a 2003-2008  |2 svkpocl  |9 322033 
650 0 7 |a Rusíni  |z Chorvátsko  |2 svkpocl  |9 1037289 
651 7 |a Petrovci (Chorvátsko)  |2 svkpocl  |9 1037290 
773 0 |t Rusyn  |g Roč. XIX, č. 1 (2009), s. 9-10 
852 |a SVKPO  |b KIS3GCP 
958 |a RN 
958 |a SK 
958 |a HR 
999 |c 1705511  |d 1707441